| 000 | 00428nam a22001697a 4500 | ||
|---|---|---|---|
| 003 | MPLRDC | ||
| 005 | 20220104142644.0 | ||
| 008 | 210129b ||||| |||| 00| 0 eng d | ||
| 082 | _a525.82 DZ | ||
| 100 | _a马来西亚全国华文独中工委会辅导推展局 | ||
| 245 |
_a中国升学之路 _c |
||
| 250 | _a修订版 | ||
| 260 |
_a _b董总 _c1995 |
||
| 300 | _b平 | ||
| 650 | _a中国留学 | ||
| 942 |
_cBK _o525.82 DZ |
||
| 999 |
_c32637 _d32627 |
||